00404nam a2200157Ia 45000010006000000050017000060080041000230410008000640820017000721000033000892450071001222600009001933000028002026500008002306540008002381831420260306171621.0260306s9999||||xx |||||||||||||| ||und|| aESP a658.403bA72 aAriño, Miguel ÁngeleAUT 0aIceberg a la vista:bPrincipios para tomar decisiones sin hundirse c2009 a126 páginas :c21 cm. aGEN aCAN